书目信息 |
| 题名: |
阻燃高分子材料
|
|
| 作者: | 王筱梅 , 欧育湘 , 陈宇 编著 | |
| 分册: | ||
| 出版信息: | 北京 国防工业出版社 2001 |
|
| 页数: | 295 | |
| 开本: | 20cm | |
| 丛书名: | ||
| 单 册: | ||
| 中图分类: | TB35 | |
| 科图分类: | ||
| 主题词: | 工程材料:低温材料 , 工程材料:高温材料 | |
| 电子资源: | ||
| ISBN: | 7-118-02290-X | |
| 000 | 00671nam0 2200217 450 | |
| 001 | 0754114953 | |
| 005 | 20070929150154.95 | |
| 010 | @a7-118-02290-X | |
| 100 | @a20070929d km y0chiy0120 ea | |
| 101 | 0 | @achi |
| 200 | 1 | @a阻燃高分子材料@Azu ran gao fen zi cai liao@f欧育湘,陈宇,王筱梅 编著@Fou yu xiang,chen yu,wang xiao mei bian zhu |
| 210 | @a北京@c国防工业出版社@d2001 | |
| 215 | @a295@c插图@d20cm | |
| 606 | 0 | @a工程材料:低温材料 |
| 606 | 0 | @a工程材料:高温材料 |
| 690 | @aTB35@v3 | |
| 701 | 0 | @a王筱梅@Awang xiao mei@4编著 |
| 701 | 0 | @a欧育湘@Aou yu xiang@4编著 |
| 701 | 0 | @a陈宇@Achen yu@4编著 |
| 801 | 0 | @aCN@bPFT@c20070929 |
| 905 | @a213230@dTB35@eh9@f1 | |
| 阻燃高分子材料/欧育湘,陈宇,王筱梅 编著.-北京:国防工业出版社,2001 |
| 295:插图;20cm |
| ISBN 7-118-02290-X: |
| ● |
| 相关链接 |
|
|
|
|
正题名:阻燃高分子材料
索取号:TB35/h9
 
预约/预借
| 序号 | 登录号 | 条形码 | 馆藏地/架位号 | 状态 | 备注 |
| 1 | 6001055 | 260010552 | 密集书库-化学系/ [索取号:TB35/h9] | 在馆 |